Представление документа в формате MARC21

Поле Инд. ПП Название Значение
Тип записи a
Библиографический уровень m
001 Контрольный номер RU/IS/BASE/415298925
005 Дата корректировки 20240117145108.0
040 b Код языка каталог. rus
041 0_ a Код языка текста rus
080 a Индекс УДК 004.42
084 a Индекс другой классификации/Индекс ББК 32.973
090 a Полочн. индекс 681.3
x Авторский знак Э45
097 b Оператор 11
245 10 a Заглавие Элементы параллельного программирования
c Ответственность В. А. Вальковский [и др.] ; под ред. В. Е. Котова
260 a Место издания М.
b Издательство Радио и связь
c Дата издания 1983
300 a Объем 239 с.
b Иллюстрации/ тип воспроизводства ил.
510 0_ a Примечание о ссылках Книги и методические пособия
650 04 a Основная рубрика 50.05 Теоретические основы программирования
x Основная подрубрика 50.05.03 Общетеоретические вопросы программирования
653 0_ a Ключевые слова программирование; вычислительные системы
901 t Тип документа m